000 00594nam a2200181Ia 4500
003 GCL
008 140319s9999 xx 000 0 ara d
040 _aGCL /
_cGCL
082 0 4 _a329
_bج ا
100 1 _aحسين كامل بهاء الدين
245 1 0 _aالاسلوب العلمى فى العمل السياسى /
_cحسين كامل بهاء الدين
300 _a300 ص
490 _aالهيئة العامة للاستعلامات
_v0
650 0 4 _aالسياسة
650 0 4 _aالاحزاب السياسية
650 0 4 _aالممارسة السياسية
942 _2ddc
_cBK
999 _c38571
_d38571